| 000 | 00980nam a22002777a 4500 | ||
|---|---|---|---|
| 999 |
_c1008 _d1008 |
||
| 001 | 001956 | ||
| 003 | CoMeUDC001956 | ||
| 005 | 20190124230127.0 | ||
| 008 | 870717r19971983sp a r 00010 spa d | ||
| 020 | _a8435700623 | ||
| 035 | _aADA5028 LA | ||
| 040 |
_ala _cCoMeUDC |
||
| 041 | 0 | _aspa | |
| 082 | 0 | 4 |
_a512.9 _bB178a _219 ed. |
| 100 | 1 |
_aBaldor, Aurelio, _d1906-1978. |
|
| 245 | 1 | 0 |
_aAlgebra : _bcon gráficos y 6523 ejercicios y problemas con respuestas / _cAurelio Baldor. |
| 250 | _aEdición revisada. | ||
| 260 |
_aMadrid : _bCompañia Cultural Editora y Distribuidora de textos Americanos, Fondo de Fomento Cultural Americano, _cc1983. |
||
| 300 |
_a576 p. : _bil., diagrs. ; _c24 cm. |
||
| 500 | _aApédice : p. 529-536. | ||
| 500 | _aRespuestas a los ejercicios al final del texto. | ||
| 590 | _aA la copia de la biblioteca le faltan las pags. 1-4. | ||
| 650 | 0 |
_aÁlgebra _v Problemas, ejercicios, etc. _91373 |
|
| 942 |
_2ddc _cBK |
||
| 949 |
_an _bn |
||